000 00427pab a2200157 454500
008 180718b2003 xxu||||| |||| 00| 0 eng d
100 _aLakshmanasamy, T.
245 _aNash bargained household decisions: testing the economic models of family in India
260 _c2003
300 _ap.99-115.
362 _aJan-Mar
650 _aFamily - India
650 _aFamily
773 _aIndian Economic Journal
909 _a59050
999 _c59050
_d59050